01173naa a2200169 a 450000100080000000500110000800800410001910000210006024501370008126000090021852006610022765300130088865300190090165300240092070000190094477300400096311236772015-04-16 2011 bl uuuu u00u1 u #d1 aRANGEL, M. A. S. aDesenvolvimento de sistemas de cultivo mais sustent??veis para a mandioca - a experi??ncia do plantio direto.h[electronic resource] c2011 aA mandioca ?? cultivada em todas as regi??es do Brasil, sendo respons??vel pela manuten????o da seguran??a alimentar de muitas popula????es e tamb??m assume grande import??ncia econ??mica na produ????o de alimentos, renda e empregos. O sistema convencional de cultivo de mandioca, prevalecente no Brasil promove o intenso revolvimento do solo nas fases de preparo para o plantio, com o uso intensivo de ara????es e gradagens, e de colheita. Tais pr??ticas intensificam os processos de eros??o do solo, a degrada????o da mat??ria org??nica e o aumento da emiss??o de CO2 para a atmosfera, culminando, na maioria dos casos, na redu????o da qualidade do solo. amandioca aplantio direto asistemas de cultivo1 aNEUBERT, E. O. tCultivar, Pelotas RS, p. 1-2, 2011.